Länder auf verschiedenen Sprachen - Ungarn - Statistiken

Allgemein
  • Dieses Quiz wurde 43 mal gespielt
  • Das Durchschnittsergebnis liegt bei 13 aus 25
Antwortstatistiken
🇭🇺 🗣🗺 % Korrekt
Ungarn Deutsch/Dänisch/Luxemburgisch
100%
Hungary Englisch
100%
Ουγγαρία Griechisch
91%
Magyarország Ungarisch
89%
Венгрия Kirgisisch/Russisch
86%
هنغاريا Arabisch
77%
匈牙利 Mandarin
77%
Hungría Spanisch
77%
הונגריה Hebräisch
60%
Унгария Bulgarisch
57%
Ungheria Italienisch
57%
Hongarije Niederländisch
54%
Macaristan Türkisch
54%
हंगरी Hindi
49%
Mađarska Kroatisch
49%
Hungria Portugiesisch
49%
Мађарска Serbisch
46%
Ungern Schwedisch
40%
Hungaria Albanisch
29%
Ungārija Lettisch
20%
Vengrija Litauisch
17%
Macarıstan Aserbaidschanisch
14%
Венгрыя Belarussisch
14%
Hongarye Afrikaans
9%
Vengriya Usbekisch
9%
Keine übereinstimmenden Quizze gefunden
Verteilung der Resultate
Anzahl Personen mit jedem Resultat
Perzentil nach korrekt beantworteten Fragen
Ihre Resultats-Entwicklung
Sie haben dieses Quiz noch nicht gespielt